LEADER 01112nam a2200277 i 4500 001 000000188821 003 CaOOAMICUS 005 20150324000000.0 008 150324s1960 it u000 u ita u 013 $a167055 040 $aSeMil$bita 100 1 $aBogliolo, Luigi <1910-1999>.$0(OLS)http://semarc/name/4966 245 10$aAscesi sacerdotale :$bnella dottrina dei Sommi Pontefici /$cLuigi Bogliolo. 260 $aMilano [etc.] :$bÀncora,$c1960. 300 $a279 p. ;$c20 cm. 490 0 $aSeguimi 500 $aFondo card. Giovanni Colombo. 650 4$aAscetica - Testi.$0(OLS)http://semarc/subject/1695 650 4$aSacerdozio - Documenti ecclesiali.$0(OLS)http://semarc/subject/9945 830 0$aSeguimi.$0(OLS)http://semarc/title/6727 850 $aSeMil 852 $aSeMil$W1$xVenegono$y1$m3GC II 270$j139458$B139458$CSeMilBibl$Z2$F151080 $8B 941 1 $a3 961 $aLascito: Colombo Card. Giovanni 996 $6245$aAscesi sacerdotale :$bnella dottrina dei Sommi Pontefici$9(OLS)http://semarc/title/271805 996 $6260$aMilano [etc.] :$bÀncora$9(OLS)http://semarc/publisher/32331 LEADER 01335nam a2200265 i 4500 001 000000067130 003 CaOOAMICUS 005 20140219000000.0 008 140219s1964 xx u000 u eng u 013 $a38302 040 $aSeMil$bita 100 1 $aRussell, John .$0(OLS)http://semarc/name/27451 245 14$aThe "Sanatio in Radice" before the Council of Trent /$cJohn Russell S. J. 260 $aRoma :$bGregorian University Press,$c1964. 300 $aVIII, 152 p. ;$c24 cm. 490 0 $aAnalecta Gregoriana ;$vVol.138. Series Facultatis Iuris Canonici. Sectio B, n.15 490 0 $aAnalecta Gregoriana. Series Facultatis Iuris Canonici. Sectio B ;$v15 500 $aContiene : Bibliography. 650 4$aMatrimonio canonico - Sanatio in radice.$0(OLS)http://semarc/subject/13093 830 0$aAnalecta Gregoriana ;$vVol.138. Series Facultatis Iuris Canonici. Sectio B, n.15.$0(OLS)http://semarc/title/9 830 0$aAnalecta Gregoriana. Series Facultatis Iuris Canonici. Sectio B ;$v15.$0(OLS)http://semarc/title/21674 850 $aSeMil 852 $aSeMil$W1$xVenegono$y1$m2N V 238$j33283$B33283$CSeMilBibl$Z2$F33286 $81 996 $6245$aThe "Sanatio in Radice" before the Council of Trent$9(OLS)http://semarc/title/106941 996 $6260$aRoma :$bGregorian University Press$9(OLS)http://semarc/publisher/39733